Представление документа в формате RUSMARC

Поле Инд. ПП Название Значение
Тип записи a
Библиографический уровень a
001 Контрольный номер 896afc99ce9a4f5082423e9134b0671a
005 Дата корректировки 20181120134553.3
100 a Данные общей обработки 20181004 ||| 0rusy0189 ca
101 0_ a Язык текста rus
102 a Страна публикации RU
200 1_ f Первые сведения об ответственности К.В. Андриевский
a Заглавие К вопросу о соотношении налогово-правовых режимов
b Общее обозначение материала Текст
210 d Дата издания 2018
461 _0 1 2000
a Финансовое право
463 _0 1 2000
a №8
v С. 15-20
1 2101
d 2018
1 0016b9e22f2b7f04a01b9e41aa631e588a9
606 a Основная рубрика Финансовое право
610 0_ a Ключевые слова НАЛОГОВОЕ ПРАВО
a Ключевые слова ПРАВОВЫЕ ОТНОШЕНИЯ
a Ключевые слова ОСОБЫЕ ЭКОНОМИЧЕСКИЕ ЗОНЫ
a Ключевые слова НАЛОГИ
a Ключевые слова ЮРИДИЧЕСКИЕ ФАКТЫ
700 _1 a Фамилия Андриевский
b Имя К.В.
801 _0 a Страна RU
b Организация РГУП
c Дата составления 20181004
g Правила каталогизации PSBO
801 _1 a Страна RU
b Организация РГУП
c Дата составления 20181004
g Правила каталогизации PSBO
901 t Тип документа b
w Контрольный № источника 6b9e22f2b7f04a01b9e41aa631e588a9
905 a Дата ввода 20181004